000 00304 a2200157 4500
001 183117
020 _a
040 _cMagnum
100 _aDicke, Ricardo Guilherme
240 1 0 _aCaieira
_lpor
245 1 0 _aCaieira
300 _a255
362 0 _a1978
697 _aLITERATURA GERAL
942 _cBK
999 _c183117
_d183117